| 000 | 00354nam a22001457a 4500 | ||
|---|---|---|---|
| 008 | 210303b ||||| |||| 00| 0 eng d | ||
| 020 | _a9780495119142 | ||
| 041 | _aeng | ||
| 080 |
_27th _a51 |
||
| 082 | _a51 | ||
| 100 | _a37 | ||
| 101 | _aMAT | ||
| 245 |
_aApplied Calculus for the Managerial, Life and Social Sciences _cKhaneja, N |
||
| 942 |
_2udc _cBK |
||
| 999 |
_c55641 _d55641 |
||